| 000 | 00549nam a22001697a 4500 | ||
|---|---|---|---|
| 005 | 20250325125913.0 | ||
| 008 | 250325b |||||||| |||| 00| 0 eng d | ||
| 020 | _a9783030864880 | ||
| 041 | _aEng. | ||
| 082 | _a658.05 BEA | ||
| 100 | _aBeausoleil, Angle M. | ||
| 245 | _aBusiness Design Thinking and Doing: Frameworks Strategies and Techniques for Sustainable Innovation | ||
| 260 |
_aSwitzerland _bPalgrave Macmillan _c2022 |
||
| 300 | _a221;. P. 23 cm | ||
| 650 | _aBusiness-Data Processing; Management; Industrial Management | ||
| 942 | _cBK | ||
| 999 |
_c43386 _d43386 |
||